Historia del libertador don josé de san martín /
Guardado en:
| Autor Principal: | |
|---|---|
| Formato: | Libro |
| Publicado: |
Buenos Aires :
Cabaut,
1932
|
| Etiquetas: |
Agregar Etiqueta
Sin Etiquetas, Sea el primero en etiquetar este registro!
|
| LEADER | 00422nam a22001455a 4500 | ||
|---|---|---|---|
| 001 | CEM.cems004804 | ||
| 005 | 20060217000000.0 | ||
| 008 | 130507s1932##################000#0#####d | ||
| 003 | CEMS | ||
| 082 | 0 | 4 | |a 923 |
| 100 | 1 | |a Otero, José Pacífico | |
| 245 | 1 | 0 | |a Historia del libertador don josé de san martín / |
| 260 | |a Buenos Aires : |b Cabaut, |c 1932 | ||
| 300 | |a 7941 | ||
| 859 | |a CEMS |b BIB. CEMS - 11 de abril |h 923 |i Sa53o/II |p 10805.81 |t Ej.1 | ||
